000 00193nam a22000977a 4500
003 SGT
100 _aCOMER, DOUGLAS E
245 _aCOMPUTER NETWORKS INTERNETS
250 _a4RT
942 _2ddc
_cCD
999 _c20038
_d20038